| RUSMARC |
| 000 | | | 04010nac2a22002651x 450 | | 001 | | | 240e4736-ee9d-498f-b33e-8fe6100865cf | | 005 | | | 20151124044628.0 | | 100 | ## | $a | 20150806l19191919k y0rusy50 ca | | 101 | 0# | $a | rus | | 102 | ## | $a | RU | | 105 | ## | $a | y z ||||| | | 122 | 2# | $a | d19190102 | | | $a | d19191231 | | 200 | 1# | $a | Заявления разных лиц о выдаче удостоверений личности, разрешений на право въезда и выезда и по другим вопросам | | | $j | 2 января - 31 декабря 1919 | | 215 | ## | $a | 243 листа | | 251 | ## | $c | Дело | | 300 | ## | $a | Листы: 9, 14, 16, 18, 33, 48, 69, 94, 137, 157, 177, 182, 190, 221 - малоконтрастные и трудночитаемые; 13, 14, 77, 95, 97, 105, 110, 111, 130, 132, 138, 140, 190 - поврежденные; 7, 8 - цветная бумага; 75 - печатный материал; 116, 158, 240 - красные чернила | | 300 | ## | $a | Часть документов рукописная, часть - машинописная, часть напечатана типографским способом | | 324 | ## | $a | В деле имеются копии отдельных документов | | 330 | ## | $a | Входит в раздел описи: II. Канцелярия. Б. Общее делопроизводство. 2. Личный состав СНК и Управление Делами СНК | | 461 | #0 | $1 | 001ad6baeac-e292-4829-90d1-2f4f65796a62 | | | $1 | 2001 | | | $a | СОВЕТ НАРОДНЫХ КОМИССАРОВ РСФСР (СНК РСФСР) | | | $1 | 251 | | | $c | Фонд | | | $1 | 852 | | | $j | 130 | | | $g | Р | | 462 | #0 | $1 | 001b67950a2-451c-4959-b990-a53e352adcaa | | | $1 | 2001 | | | $a | 1919 год | | | $v | Д. 382 | | | $1 | 251 | | | $c | Опись | | | $1 | 852 | | | $j | 3 | | 601 | 01 | $3 | RU\NLR\AUTH\661074810 | | | $a | РСФСР | | | $b | Совет Народных Комиссаров | | 801 | #0 | $a | RU | | | $b | GA_RF | | 801 | #1 | $a | RU | | | $b | НПО Опыт | | | $c | 20150806 | | | $2 | rusmarc | | 801 | #2 | $a | RU | | | $b | ПБ им. Б.Н. Ельцина | | | $c | 20151124 | | | $g | RCR | | | $2 | rusmarc | | 852 | ## | $a | ГА РФ | | | $j | 382 | | 937 | ## | $d | 55628129 | | | $h | ПБ | | 035 | ## | $a | RuPRLIB51032499 |
|